Bałkańskie państwa i stolice - Statystyki

Ogólne statystyki
  • Ten quiz został rozwiązany 31 razy
  • Średni wynik to 20 z 24
Statystyki odpowiedzi
Odpowiedź % Poprawnych
Macedonia Północna
96%
Zagrzeb
92%
Albania
88%
Chorwacja
88%
Czarnogóra
88%
Kosowo
88%
Serbia
88%
Skopje
88%
Słowenia
88%
Tirana
88%
Ateny
83%
Belgrad
83%
Grecja
83%
Lublana
83%
Rumunia
83%
Bukareszt
79%
Bułgaria
79%
Sofia
79%
Bośnia i Hercegowina
75%
Podgorica
75%
Sarajewo
75%
Prisztina
67%
Turcja
67%
Ankara
58%
Nie znaleziono quizów pasujących do podanych kryteriów
Rozkład punktacji
Procent ludzi z każdym wynikiem
Percentyl według liczby udzielonych odpowiedzi
Twoja historia wyników
Nie rozwiązałeś tego quizu